000 00448nam a2200181Ia 4500
008 131103s9999 xx 000 0 und d
020 _a086125 194 6
_cRs.5.00
040 _aLoreto College
041 _aEnglish
082 _aCHBK
_b#NAME?
245 _aPoems 2
260 _aHyderabad
_bOrient Longman
_c1983
300 _a40p.
_b ill.
_c 20cm.
504 _aIncludes index
650 _aCHBK - 2
850 _aLCBED/CHBK - 2/POE
942 _cBK
999 _c31349
_d81828